| 000 | 00822nam a22002297a 4500 | ||
|---|---|---|---|
| 005 | 20141202163208.0 | ||
| 008 | 140107b xxu||||| |||| 00| 0 eng d | ||
| 020 | _a9781935542810 | ||
| 050 |
_aLC 4019.15 _b.M176 2012 |
||
| 100 | _aMcLaughlin, Margaret J. | ||
| 245 |
_aThe school leader's guide to special education / _cMargaret J. McLaughlin, Kristin Ruedel. |
||
| 250 | _a3rd ed. | ||
| 260 |
_aBloomington, IN : _bSolution Tree ; NAESP, _c2012. |
||
| 300 |
_aix, 95 p. ; _c28 cm. |
||
| 504 | _aIncludes Bibliographic References and Index. | ||
| 650 |
_aSpecial education _xAdministration. _zUnited States |
||
| 650 |
_aChildren with disabilities _xEducation _zUnited States. |
||
| 650 |
_aSchool principals _zUnited States. |
||
| 700 |
_aRuedel, Kristin _eauthor. |
||
| 942 |
_2lcc _cBK _kFOR |
||
| 999 |
_c25919 _d25919 |
||